| 000 | 01037cab a22002175a 4500 | ||
|---|---|---|---|
| 001 | L149425 | ||
| 008 | 100304e20100221xxkado f 000 0 eng d | ||
| 035 | _a(Sirsi) u149425 | ||
| 041 | 0 | _aeng | |
| 100 | 1 | _aCunningham, Daniel | |
| 245 | 0 | 0 |
_aFocus _bEssex |
| 260 | _c2010 | ||
| 490 |
_aEstates Gazette _v(1004) 30 January 2010, 95-103(9) |
||
| 520 | _a£500m regeneration plan for Purfleet town centre needs a development partner, plans include the Royal Opera House's £50m development; housing development plans in Chelmsford include Beaulieu Park but the collapse of Ashwell Property Group has closed an ambitious regeneration plan to develop the former Marconi site; the take-up of offices varies across the county but generally demand is higher than for industrial take-up; office and industrial take-up statistics across Essex for 2008 and 2009. | ||
| 590 | _aKA | ||
| 651 | 4 | _aEssex | |
| 690 | _aPROPERTY-COMMERCIAL PROPERTY-COMMERCIAL PROPERTY MARKET | ||
| 700 | 1 | _aDay, Karen | |
| 700 | 1 | _aSmith, Melanie | |
| 942 | _n0 | ||
| 999 |
_c82171 _d82171 |
||